| 000 | 00475cam a2200193ua 4500 | ||
|---|---|---|---|
| 001 | 10380 | ||
| 005 | 20260515114621.0 | ||
| 008 | 180912n ii |||gr||||Z||||||asm | ||
| 040 | _cMAIN | ||
| 082 | _a301 | ||
| 100 |
_aSaikia, Jyotiprasad, _eAuthor. |
||
| 245 | _aSamajtattwa (class xii) | ||
| 250 | _a1st ed. | ||
| 260 |
_aGuwahati: _bArun prakashan, _c2007. |
||
| 300 | _a262p. | ||
| 653 | _aSociology & anthropology | ||
| 653 | _aHigh secondary Sociology | ||
| 942 | _cBK | ||
| 999 |
_c9360 _d9360 |
||